000 01116nam0a22003011 4500
001 v19\rc\1923965
005 20251118180657.9
035 _a(NLR Aleph) 005010212
090 _a6479572
_c6479572
100 _a20080404e19121912|||y0rusy50 ca
101 0 _arus
102 _aRU
105 _aa z |||||
200 1 _aЗаметки о новых методах морских исследований
_f[Ф. Классен]
210 _aСанкт-Петербург
_cтипо-лит. М.П. Фроловой
_d[1912]
215 _a17 с., 4 л. ил.
_cил.
_d25
300 _aАвт. указан в конце текста
309 _aБез тит. л. и обл.
311 _aОтт. из "Вестн. рыбопром-сти". № 4-7, 1912 г.
488 0 _12001#$aВестник рыбопромышленности$v1912, № 4-7
700 1 _aКлассен
_bФ. Г.
_gФедор Григорьевич
801 0 _aRU
_bNLR
_gpsbo
801 0 _aRU
_bRuMoRGB
_2psbo
801 1 _aRU
_bProSoft-M
_2rusmarc
852 _aNLR
_j18.284.8.297
899 _aRuMoRGB
_jV 16/1115
942 _cBOOK
980 _aNB